[Event "IECG CN.2002.0.00281 email"]
[Site "IECG email"]
[Date "2002.02.13"]
[Round "?"]
[White "Caherec, Emmanuel"]
[Black "Hughes, Stephen J"]
[Result "0-1"]
[WhiteElo "744"]
[BlackElo "800"]
[PlyCount "36"]
[EventDate "2002.02.13"]
[EventType "tourn (corr)"]
[EventRounds "6"]
[SourceTitle "Corr 2008"]
[Source "ChessBase"]
[SourceDate "2008.06.24"]
[SourceVersion "1"]
[SourceVersionDate "2008.06.24"]
[SourceQuality "1"]

1. e4 d6 2. d4 Nf6 3. Nc3 g6 4. Be3 c6 5. Qd2 b5 6. a3 Nbd7 7. f4 Nb6 8. 0-0-0 a5 9. h3 b4 10. Na2 Nxe4 11. Qe1 Bg7 12. Bd3 d5 13. Kb1 bxa3 14. bxa3 Rb8 15. Kc1 Qd6 16. Qxa5 Bxd4 17. Bxe4 Bxe3+ 18. Rd2 Nc4 0-1

[Event "IECG CN.2002.0.00281 email"]
[Site "IECG email"]
[Date "2002.02.13"]
[Round "?"]
[White "Wood, Brian B"]
[Black "Caherec, Emmanuel"]
[Result "1-0"]
[WhiteElo "890"]
[BlackElo "744"]
[PlyCount "67"]
[EventDate "2002.02.13"]
[EventType "tourn (corr)"]
[EventRounds "6"]
[SourceTitle "Corr 2008"]
[Source "ChessBase"]
[SourceDate "2008.06.24"]
[SourceVersion "1"]
[SourceVersionDate "2008.06.24"]
[SourceQuality "1"]

1. e4 e5 2. Nf3 Nc6 3. Bb5 a6 4. Ba4 Nf6 5. 0-0 Be7 6. Re1 b5 7. Bb3 d6 8. h3 0-0 9. c3 Na5 10. Bc2 c5 11. d4 Qc7 12. Nbd2 cxd4 13. cxd4 Bb7 14. d5 Rac8 15. Bb1 Nd7 16. Nf1 f5 17. Bg5 fxe4 18. Bxe7 exf3 19. Bxf8 fxg2 20. Kxg2 Rxf8 21. b4 Nc4 22. f3 Nf6 23. Bf5 Nxd5 24. Be6+ Kh8 25. Bxd5 Bc8 26. Re4 Qd7 27. Rh4 Qf5 28. Be4 Qg5+ 29. Rg4 Bxg4 30. hxg4 Ne3+ 31. Nxe3 Qxe3 32. Qd3 Qh6 33. Rh1 Qe6 34. Rxh7+ 1-0

[Event "IECG CN.2001.0.00258"]
[Site "IECG email"]
[Date "2001.08.20"]
[Round "?"]
[White "Caffaratti, Paolo"]
[Black "Caherec, Emmanuel"]
[Result "1-0"]
[WhiteElo "935"]
[BlackElo "746"]
[PlyCount "54"]
[EventDate "2001.08.20"]
[EventType "tourn (corr)"]
[EventRounds "6"]
[SourceTitle "Corr 2008"]
[Source "ChessBase"]
[SourceDate "2008.06.24"]
[SourceVersion "1"]
[SourceVersionDate "2008.06.24"]
[SourceQuality "1"]

1. e4 e5 2. Nf3 Nc6 3. Bc4 f5 4. d4 fxe4 5. Nxe5 d5 6. Qh5+ g6 7. Nxg6 Nf6 8. Qh4 Rg8 9. Nxf8 Rxf8 10. Bb5 Bd7 11. c3 a6 12. Be2 Ng4 13. Qh5+ Rf7 14. Bxg4 Qf6 15. Bxd7+ Kxd7 16. Qg4+ Kd6 17. Be3 Raf8 18. Nd2 Rg7 19. Qh3 Ne7 20. Qh6 Rg6 21. Qh3 Nf5 22. Bf4+ Ke7 23. Be5 Qg5 24. g4 Rh6 25. Qf1 Qxg4 26. Rg1 Qh4 27. 0-0-0 Ne3 1-0

[Event "IECG CN.2001.0.00243"]
[Site "IECG email"]
[Date "2001.04.15"]
[Round "?"]
[White "Woodfin, David"]
[Black "Caherec, Emmanuel"]
[Result "0-1"]
[WhiteElo "675"]
[BlackElo "776"]
[PlyCount "50"]
[EventDate "2001.04.15"]
[EventType "tourn (corr)"]
[EventRounds "6"]
[SourceTitle "Corr 2008"]
[Source "ChessBase"]
[SourceDate "2008.06.24"]
[SourceVersion "1"]
[SourceVersionDate "2008.06.24"]
[SourceQuality "1"]

1. e4 e5 2. Nf3 Nc6 3. c3 Nf6 4. d3 d5 5. Bg5 Be7 6. Nbd2 0-0 7. Bxf6 Bxf6 8. Qb3 d4 9. cxd4 Nxd4 10. Nxd4 exd4 11. Be2 Re8 12. 0-0 Be5 13. g3 Be6 14. Qxb7 Rb8 15. Qxa7 Rxb2 16. Nf3 Rxe2 17. Nxe5 Bh3 18. Rfc1 Rxe5 19. Qxc7 Qxc7 20. Rxc7 h6 21. Rcc1 Rd2 22. Rd1 Rc2 23. f4 Rg2+ 24. Kh1 Rc5 25. a4 Rcc2 0-1

[Event "IECG CN.2000.0.00215"]
[Site "IECG email"]
[Date "2000.10.03"]
[Round "?"]
[White "Caherec, Emmanuel"]
[Black "Vielhuber, David"]
[Result "1-0"]
[WhiteElo "800"]
[BlackElo "800"]
[PlyCount "43"]
[EventDate "2000.10.03"]
[EventType "tourn (corr)"]
[EventRounds "6"]
[SourceTitle "Corr 2008"]
[Source "ChessBase"]
[SourceDate "2008.06.24"]
[SourceVersion "1"]
[SourceVersionDate "2008.06.24"]
[SourceQuality "1"]

1. e4 e5 2. Nf3 Nf6 3. Nxe5 Qe7 4. d3 Nc6 5. Nxc6 bxc6 6. Nc3 d5 7. Be2 Qe5 8. 0-0 Bb4 9. f4 Qd4+ 10. Kh1 Bxc3 11. bxc3 Qxc3 12. Be3 dxe4 13. Rb1 Qa3 14. Rb3 Qxa2 15. dxe4 Nxe4 16. Bf3 Bf5 17. Qd4 Nf6 18. Bxc6+ Ke7 19. Qc5+ Kd8 20. Qxf5 Re8 21. Rd1+ Ke7 22. Bc5# 1-0

[Event "IECG CP.2000.P.00064"]
[Site "IECG email"]
[Date "2000.10.01"]
[Round "?"]
[White "Johnson, Ed"]
[Black "Caherec, Emmanuel"]
[Result "0-1"]
[WhiteElo "1426"]
[BlackElo "800"]
[PlyCount "96"]
[EventDate "2000.10.01"]
[EventType "tourn (corr)"]
[EventRounds "6"]
[EventCountry "GER"]
[SourceTitle "Corr 2008"]
[Source "ChessBase"]
[SourceDate "2008.06.24"]
[SourceVersion "1"]
[SourceVersionDate "2008.06.24"]
[SourceQuality "1"]

1. e4 e5 2. Nf3 Nc6 3. Nc3 Nf6 4. Bb5 Bb4 5. 0-0 0-0 6. d3 d6 7. Bg5 Bxc3 8. bxc3 Qe7 9. Re1 Nd8 10. d4 Bg4 11. Rb1 a6 12. Bd3 Ne6 13. Qd2 b5 14. dxe5 dxe5 15. c4 Bxf3 16. gxf3 Nxg5 17. Qxg5 Rad8 18. cxb5 axb5 19. Rxb5 Qa3 20. Qxe5 Rc8 21. Qc5 Qxa2 22. e5 Nd7 23. Ra5 Qe6 24. Qd5 Qe7 25. Bf5 Rcd8 26. e6 fxe6 27. Qxe6+ Qxe6 28. Bxe6+ Kh8 29. h4 Nf6 30. c4 Rd3 31. Rf5 c5 32. h5 h6 33. Ree5 Rfd8 34. Rxc5 Rd1+ 35. Kg2 Re1 36. Rc6 Re8 37. Bd7 Nxd7 38. Rg6 Ne5 39. c5 Nxg6 40. hxg6 Kg8 41. c6 Rc1 42. c7 Rxc7 43. Rf7 Rc5 44. f4 Re6 45. f5 Rec6 46. Rd7 Rxf5 47. Rd8+ Rf8 48. Rd7 Rxg6+ 0-1